| 000 | 01045nac a22002771u 4500 | ||
|---|---|---|---|
| 010 | _a 84021547 | ||
| 020 | _a0124555551 (alk. paper) | ||
| 082 | 0 | 0 | _a612.117 |
| 090 |
_c3561 _d3561 |
||
| 100 | _a20080729 | ||
| 245 | 0 | 4 |
_aThe Platelets : _bphysiology and pharmacology / _cedited by Gesina L. Longenecker. |
| 260 |
_aOrlando : _bAcademic Press, _c1985. |
||
| 300 |
_axvi, 489 p. : _bill. ; _c24 cm. |
||
| 440 | 0 | _aPhysiologic and pharmacologic bases of drug therapy | |
| 500 | _aDonations. | ||
| 500 | _aDonations - Bibliotheca Alexandrina. | ||
| 504 | _aIncludes bibliographies and index. | ||
| 650 | 0 | _aBlood platelets. | |
| 650 | 0 |
_aBlood platelets _xEffect of drugs on. |
|
| 650 | 0 | _aBlood platelet disorders. | |
| 650 | 0 |
_aBlood Platelets _xdrug effects. |
|
| 650 | 0 |
_aBlood Platelets _xphysiology. |
|
| 700 | 1 | _aLongenecker, Gesina L. | |
| 942 |
_cBB _k612.117 |
||
| 999 |
_c3561 _d3561 |
||